R. M. Schindler 1887-1953: la exploración del espacio

Salvato in:
Dettagli Bibliografici
Autore principale: Steele, James (Autore)
Natura: Libro
Lingua:spagnolo
Pubblicazione: Colonia Taschen 2005
Soggetti:
Tags: Aggiungi Tag
Nessun Tag, puoi essere il primo ad aggiungerne!!

MARC

LEADER 00000nam a2200000 a 4500
001 UCG7134
003 CL-VaPUC
008 110617e20050000GW |||||||||||||||||spa|d
020 |a 9783822839645 
082 0 4 |a 720  |b STE  |2 21 
100 0 |a Steele, James  |e author  |9 557693 
245 1 0 |a R. M. Schindler 1887-1953: la exploración del espacio 
300 |a 96 p 
942 |c BK 
945 |d 20110617 00:00:00  |a dcastane 
260 |a Colonia  |b Taschen  |c 2005 
600 0 7 |a SCHINDLER, RUDOLF MICHAEL  |2 CL-VaPUC  |9 557694 
650 0 |a Arquitectura  |9 804558 
650 0 |a Arquitectura estadounidense   |9 370610 
650 0 |a Arquitectos estadounidenses   |9 444325 
650 0 |a Arquitectura moderna  |9 265021 
583 |a last modification  |c 20110617 00:00:00  |k Rodrigo Vera 
999 |c 345198  |d 345196 
952 |0 0  |1 0  |4 0  |6 720_000000000000000_STE_2005  |7 0  |8 C  |9 443676  |a BIBCUR  |b BIBCUR  |d 2019-11-22  |i 4785436  |o 720 STE 2005  |p 4785436  |r 2025-04-22  |w 2019-11-22  |y BK  |k CAC